| 000 | 00000nam##2200000za#4500 |
| 001 | 9.639353 |
| 003 | CaOODSP |
| 005 | 20220328113316 |
| 007 | cr ||||||||||| |
| 008 | 150407|2001||||xxc|||||o f|0| 0 fre|d |
| 040 | |aCaOODSP|bfre |
| 043 | |an-cn--- |
| 086 | 1 |aC21-32/2-2001F-PDF |
| 110 | 1 |aCanada. |bIndustrie Canada. |
| 245 | 10|aRéglementation des aliments génétiquement modifiés : |h[ressource électronique]|bdocument de consultation 2001 |
| 260 | |aOttawa - Ontario : |bIndustrie Canada |c2001. |
| 300 | |a37p.|bréférences, tableau |
| 500 | |aLe n° de catalogue (C21-32/2-2001) et l'ISBN (0-662-65550-8) de l'édition imprimée bilingue ont été incorrectement copiés dans l'édition électronique. |
| 504 | |aBibliographie. |
| 590 | |a11-29-Supp|b2011-11-25 |
| 691 | 07|aAliment|2gcpds |
| 691 | 07|aBiotechnologie|2gcpds |
| 691 | 07|aÉthique|2gcpds |
| 691 | 07|aÉtiquetage des aliments|2gcpds |
| 775 | 08|tRegulation of genetically modified food : |w(CaOODSP)9.695207 |
| 776 | 0#|tRegulation of genetically modified food : |w(CaOODSP)9.662591 |
| 776 | 0#|tRéglementation des aliments génétiquement modifiés : |w(CaOODSP)9.662592 |
| 856 | 40|ahttp://publications.gc.ca|qPDF|s276 Ko|uhttps://publications.gc.ca/collections/Collection/C21-32-2-2001F.pdf |
| 986 | |a53338B |